Normal view
MARC view
- 1. Urdu Literature-Short Stories
Entry Topical Term
001 - CONTROL NUMBER
- control field: 3597
003 - CONTROL NUMBER IDENTIFIER
- control field: NUST
005 - DATE AND TIME OF LATEST TRANSACTION
- control field: 20170726200622.0
008 - FIXED-LENGTH DATA ELEMENTS
- fixed length control field: 170726|| aca||aabn | a|a d
040 ## - CATALOGING SOURCE
- Original cataloging agency: NUST
- Transcribing agency: NUST
150 ## - HEADING--TOPICAL TERM
- Topical term or geographic name entry element: 1. Urdu Literature-Short Stories
670 ## - SOURCE DATA FOUND
- Source citation: Work cat.: (NUST)0: Qasmi, Ahmad Nadeem 3596, Kaiser kiyari, 2009
